000 00862nam a2200205 a 4500
008 071031s2000 ||||||||||||||||| || u
020 _a0195215907
050 _aLC 1044 Voc
100 _aGill, Indermit S
245 1 0 _aVocational education and training reform: matching skills to markets and budgets
_cedited by Indermit S. Gill, Fred Fluitman and Amit Dar
260 _aWashington, D. C.
_bWorld Bank
_c2000
350 _a0.00
650 _aOCCUPATIONAL TRAINING - DEVELOPING COUNTRIES
650 _aVOCATIONAL EDUCATION - DEVELOPING COUNTRIES
650 _aTECHNICAL EDUCATION - DEVELOPING COUNTRIES
700 _aDar, Amit
700 _aFluitman, Fred
710 _aWorld Bank
995 _D0.00
_FCBU-MAIN LIBRARY (Kitwe)
_H1
_I0.00
_M1
_UAVAILABLE
_WOct 31, 2007
_ZMain Library Open Access Collection
999 _c61358
_d61358